ბათუმის შოთა რუსთაველის სახელმწიფო უნივერსიტეტის ბიბლიოთეკა

Дифференциальные уравнения. Кратные интегралы. Ряды. (ბიბ.ჩანაწერი № 38911)

000 -LEADER
fixed length control field 00704nam a2200205Ia 4500
001 - CONTROL NUMBER
control field 5330
003 - CONTROL NUMBER IDENTIFIER
control field GE_BSU
008 - FIXED-LENGTH DATA ELEMENTS--GENERAL INFORMATION
fixed length control field 181216s||||||||xx |||||||||||||| ||und||
040 ## - CATALOGING SOURCE
Transcribing agency GE_BSU
080 ## - UNIVERSAL DECIMAL CLASSIFICATION NUMBER
Universal Decimal Classification number 517.91+517.37+517.22+517.53/55
100 ## - MAIN ENTRY--PERSONAL NAME
Personal name Бугров, Я.С., Никольский, С.М
245 ## - TITLE STATEMENT
Title Дифференциальные уравнения. Кратные интегралы. Ряды.
245 ## - TITLE STATEMENT
Remainder of title Учебник для студ. инжинерно-технических спец. вузов
260 ## - PUBLICATION, DISTRIBUTION, ETC.
Place of publication, distribution, etc. Москва
260 ## - PUBLICATION, DISTRIBUTION, ETC.
Name of publisher, distributor, etc. Наука
260 ## - PUBLICATION, DISTRIBUTION, ETC.
Date of publication, distribution, etc. 1981
300 ## - PHYSICAL DESCRIPTION
Extent 448 с. 20см.
653 ## - INDEX TERM--UNCONTROLLED
Uncontrolled term Дифференциальные уравнения.
942 ## - ADDED ENTRY ELEMENTS (KOHA)
Koha item type წიგნი
ეგზემპლარები
Withdrawn status Lost status Damaged status Not for loan Date acquired Barcode Date last seen Price effective from Koha item type
        2018-12-17 16441 2018-12-17 2018-12-17 წიგნი